Ч. 1 : С древнейших времен до 1917 года; Экономическая история России

Xehetasun bibliografikoak
Parent link:Экономическая история России: учебник для академического бакалавриата/ В. Н. Ковнир. Ч. 1 : С древнейших времен до 1917 года.— 2-е изд., испр. и доп..— , 2016.— 978-5-9916-8047-9
Gaia:Издание состоит из двух частей. В первой части рассмотрена экономическая история России с древнейших времен до 1917 г. Раскрыт предмет экономической истории как науки, охарактеризовано ее место в системе экономических знаний и в подготовке специалистов. Рассмотрено экономическое движение общества, его особенности на различных этапах, закономерности трансформации, взаимосвязи с другими сторонами социальной жизни. Видное место отведено анализу своеобразия экономического разви­тия страны, освещены его причины и последствия.Соответствует актуальным требованиям Федерального государствен­ного образовательного стандарта высшего образования.Для студентов высших учебных заведений экономических специально­стей, завершающих изучение общетеоретических экономических дисциплин после курсов экономической теории и истории экономических учений. Пред­ставляет интерес для ученых и специалистов в области экономической тео­рии и истории.
Hizkuntza:errusiera
Argitaratua: 2016
Gaiak:
Formatua: Liburua
KOHA link:https://koha.lib.tpu.ru/cgi-bin/koha/opac-detail.pl?biblionumber=321489

MARC

LEADER 00000nam2a2200000 4500
001 321489
005 20231102003400.0
010 |a 9785991680462 
035 |a (RuTPU)RU\TPU\book\347044 
090 |a 321489 
100 |a 20160826d2016 m y0rusy50 ca 
101 0 |a rus 
102 |a RU 
105 |a y j 000zy 
200 0 |a Ч. 1 : С древнейших времен до 1917 года 
210 |d 2016 
215 |a 308 с. 
330 |a Издание состоит из двух частей. В первой части рассмотрена экономическая история России с древнейших времен до 1917 г. Раскрыт предмет экономической истории как науки, охарактеризовано ее место в системе экономических знаний и в подготовке специалистов. Рассмотрено экономическое движение общества, его особенности на различных этапах, закономерности трансформации, взаимосвязи с другими сторонами социальной жизни. Видное место отведено анализу своеобразия экономического разви­тия страны, освещены его причины и последствия.Соответствует актуальным требованиям Федерального государствен­ного образовательного стандарта высшего образования.Для студентов высших учебных заведений экономических специально­стей, завершающих изучение общетеоретических экономических дисциплин после курсов экономической теории и истории экономических учений. Пред­ставляет интерес для ученых и специалистов в области экономической тео­рии и истории. 
461 1 |0 (RuTPU)RU\TPU\book\269490  |y 978-5-9916-8047-9  |t Экономическая история России  |o учебник для академического бакалавриата  |o в 2 ч.  |f В. Н. Ковнир  |v Ч. 1 : С древнейших времен до 1917 года  |e 2-е изд., испр. и доп.  |d 2016  |s Бакалавр. Академический курс 
600 0 |a Петр Великий  |d I  |f 1672-1725  |c российский царь из династии Романовых (1682-1725)  |c первый российский император  |2 stltpush  |3 (RuTPU)RU\TPU\pers\365 
600 0 |a Екатерина Великая  |d II  |f 1729-1796  |c российская императрица (1762-1796)  |c урожденная принцесса Софья Фредерика Августа Ангальт-Цербстская  |2 stltpush  |3 (RuTPU)RU\TPU\pers\98 
600 0 |a Александр  |d III  |f 1845-1894  |c российский император из династии Романовых (1881-1894)  |2 stltpush  |3 (RuTPU)RU\TPU\pers\548 
600 1 |a Столыпин  |b П. А.  |c российский государственный деятель  |f 1862-1911  |g Петр Аркадьевич  |2 stltpush  |3 (RuTPU)RU\TPU\pers\1146  |9 518 
600 1 |a Витте  |g Сергей Юльевич  |c граф  |c российский государственный деятель  |f 1849-1915  |b С. Ю.  |2 stltpush  |3 (RuTPU)RU\TPU\pers\550 
606 1 |a Экономическая история  |y Россия  |y СССР  |2 stltpush  |3 (RuTPU)RU\TPU\subj\26579  |9 50474 
610 1 |a экономика 
610 1 |a история 
610 1 |a Россия 
610 1 |a Древний мир 
610 1 |a средние века 
610 1 |a Древняя Русь 
610 1 |a Киевская Русь 
610 1 |a феодализм 
610 1 |a 11 век 
610 1 |a 12 век 
610 1 |a 13 век 
610 1 |a 14 век 
610 1 |a 15 век 
610 1 |a 16 век 
610 1 |a 17 век 
610 1 |a 18 век 
610 1 |a 19 век 
610 1 |a 20 век 
610 1 |a денежная система 
610 1 |a Смутное время 
610 1 |a сельское хозяйство 
610 1 |a внутренняя торговля 
610 1 |a внешнеэкономические связи 
610 1 |a государственные финансы 
610 1 |a капиталистическое хозяйство 
610 1 |a социально-экономические противоречия 
610 1 |a реформы 
610 1 |a крестьяне 
610 1 |a освобождение 
610 1 |a экономические кризисы 
610 1 |a Первая мировая война 1914-1918 
610 1 |a разрушения 
610 1 |a Октябрьская революция 1917 
610 1 |a учебники 
686 |a У03(2)я73  |v LBC/SL-A  |2 rubbk 
801 1 |a RU  |b 63413507  |c 20160826 
801 2 |a RU  |b 63413507  |c 20160930  |g RCR 
900 |a Экономическая история 
942 |c BK 
951 |l 8.1 
959 |a 56/20160824  |d 1  |e 539,00  |f ЧЗГЛ:1